[Event "Prague op-A 19th"]
[Site "Prague"]
[Date "2020.01.13"]
[Round "5"]
[White "Douriet Duany, Alexis"]
[Black "Pribyl, Viktor"]
[Result "1/2-1/2"]
[WhiteElo "2212"]
[BlackElo "2028"]
[PlyCount "61"]
[EventDate "2020.01.10"]
[EventType "swiss"]
[EventRounds "9"]
[EventCountry "CZE"]
[SourceTitle "CBM 195 Extra"]
[Source "ChessBase"]
[SourceDate "2020.05.31"]
[SourceVersion "1"]
[SourceVersionDate "2020.05.31"]
[SourceQuality "1"]

1. d4 Nf6 2. c4 g6 3. Nf3 Bg7 4. Nc3 d5 5. e3 0-0 6. Bd2 c6 7. Rc1 Ne4 8. Bd3 Bf5 9. Qc2 Nxd2 10. Qxd2 Bxd3 11. Qxd3 dxc4 12. Qxc4 Nd7 13. 0-0 e5 14. Rfd1 exd4 15. Nxd4 Qe7 16. Qb3 Nf6 17. Nf3 Rfd8 18. Rxd8+ Rxd8 19. Rd1 Rxd1+ 20. Qxd1 Qd7 21. Qb3 h6 22. h3 Nh7 23. Ne2 Nf8 24. Nf4 c5 25. Qc2 b6 26. b3 Ne6 27. Nxe6 Qxe6 28. a4 Qf6 29. Kf1 Qa1+ 30. Ke2 Bc3 31. Kd3 1/2-1/2

[Event "Rilton Cup 49th"]
[Site "Stockholm"]
[Date "2020.01.05"]
[Round "9"]
[White "Douriet Duany, Alexis"]
[Black "Storme, Isak"]
[Result "0-1"]
[WhiteElo "2198"]
[BlackElo "2244"]
[PlyCount "138"]
[EventDate "2019.12.27"]
[EventType "swiss"]
[EventRounds "9"]
[EventCountry "SWE"]
[SourceTitle "EXT 2021"]
[Source "ChessBase"]
[SourceDate "2020.10.23"]
[SourceVersion "1"]
[SourceVersionDate "2020.10.23"]
[SourceQuality "1"]

1. d4 d5 2. c4 c6 3. g3 Nf6 4. Bg2 g6 5. Nf3 dxc4 6. 0-0 Bg7 7. a4 0-0 8. Na3 Ne4 9. Nxc4 Be6 10. Qc2 Na6 11. Qxe4 Bxc4 12. Bg5 Bd5 13. Qh4 f6 14. Be3 Nb4 15. Rfc1 Qd7 16. Bh3 Be6 17. Bxe6+ Qxe6 18. Ra3 Nd5 19. Kf1 g5 20. Qh5 g4 21. Nh4 f5 22. Ng2 Rad8 23. Kg1 Qg6 24. Qxg6 hxg6 25. Rb3 Rd7 26. a5 a6 27. Rc4 Kf7 28. Bg5 Bf6 29. Bxf6 exf6 30. Ne1 Re8 31. e3 g5 32. Nd3 Ree7 33. Nc5 Rc7 34. Kg2 Ke8 35. h3 gxh3+ 36. Kxh3 Kd8 37. Kg2 Kc8 38. Rc1 Rh7 39. f3 f4 40. exf4 gxf4 41. Re1 Ne3+ 42. Rexe3 fxe3 43. Rxe3 Rce7 44. Re4 Kc7 45. g4 Kd6 46. Kg3 Ref7 47. Kf4 Rh2 48. Kf5 Rxb2 49. Kg6 Rf8 50. Kg7 Rc8 51. f4 Kd5 52. Kxf6 Rb5 53. Re5+ Kxd4 54. Ne6+ Kd3 55. Re1 c5 56. g5 c4 57. g6 c3 58. g7 c2 59. Rc1 Rxa5 60. Nf8 Rc6+ 61. Ne6 Rc8 62. Nf8 Ra4 63. Kg5 Rc5+ 64. f5 Raa5 65. Ne6 Rxf5+ 66. Kh4 Rf2 67. Kh3 Raf5 68. Rxc2 R5f3+ 69. Kg4 Kxc2 0-1

[Event "Rilton Cup 49th"]
[Site "Stockholm"]
[Date "2020.01.04"]
[Round "8"]
[White "Chatzieleftheriou, Andreas"]
[Black "Douriet Duany, Alexis"]
[Result "1-0"]
[WhiteElo "2242"]
[BlackElo "2198"]
[PlyCount "121"]
[EventDate "2019.12.27"]
[EventType "swiss"]
[EventRounds "9"]
[EventCountry "SWE"]
[SourceTitle "CBM 194 Extra"]
[Source "ChessBase"]
[SourceDate "2020.03.31"]
[SourceVersion "1"]
[SourceVersionDate "2020.03.31"]
[SourceQuality "1"]

1. e4 g6 2. d4 c6 3. Nc3 d5 4. h3 dxe4 5. Nxe4 Bg7 6. Nf3 Nf6 7. Nxf6+ exf6 8. Bc4 0-0 9. 0-0 Nd7 10. c3 a5 11. a4 Nb6 12. Bb3 Nd5 13. Bd2 Qd6 14. Qc1 Be6 15. c4 Nb4 16. c5 Qd7 17. Bxe6 Qxe6 18. Bxb4 axb4 19. Re1 Qd5 20. Qd2 b3 21. Qb4 Ra7 22. Re3 Rfa8 23. Qxb3 Qxb3 24. Rxb3 f5 25. Rb4 Bf6 26. b3 Rd8 27. Rd1 g5 28. Ne1 Rd7 29. Nc2 Ra5 30. Rc4 f4 31. Kf1 Kg7 32. f3 Be7 33. Ra1 f5 34. b4 Ra8 35. b5 Bf6 36. bxc6 bxc6 37. a5 h5 38. a6 g4 39. Rb4 Raa7 40. Raa4 Kg6 41. Rb6 Kg5 42. Rxc6 Be7 43. Na3 Kh4 44. Nb5 Ra8 45. Rc7 gxh3 46. gxh3 Rxc7 47. Nxc7 Ra7 48. Nb5 Ra8 49. a7 Bd8 50. c6 Kxh3 51. c7 Bh4 52. Ke2 Kg2 53. c8Q Rxc8 54. a8Q Rc2+ 55. Kd3 Rf2 56. Ra2 Bg3 57. Rxf2+ Bxf2 58. Qg8+ Bg3 59. d5 h4 60. d6 h3 61. d7 1-0

[Event "Sabadell Diada blitz op 16th"]
[Site "Sabadell"]
[Date "2019.09.11"]
[Round "5"]
[White "Douriet Duany, Alexis"]
[Black "Valenzuela Gomez, Fernando Alberto"]
[Result "1-0"]
[WhiteElo "2196"]
[BlackElo "2393"]
[PlyCount "77"]
[EventDate "2019.09.11"]
[EventType "swiss (blitz)"]
[EventRounds "9"]
[EventCountry "ESP"]
[SourceTitle "EXT 2020"]
[Source "ChessBase"]
[SourceDate "2019.10.17"]
[SourceVersion "1"]
[SourceVersionDate "2019.10.17"]
[SourceQuality "1"]

1. d4 d5 2. c4 e6 3. g3 dxc4 4. Bg2 c5 5. Qa4+ Nc6 6. dxc5 Qa5+ 7. Nc3 Qxa4 8. Nxa4 Bd7 9. b3 Nf6 10. Nf3 Nd8 11. Be3 Bc6 12. 0-0 Rc8 13. Rfc1 cxb3 14. axb3 Be7 15. b4 0-0 16. Nc3 a6 17. Ne5 Bxg2 18. Kxg2 Nc6 19. Nd3 Rfd8 20. b5 axb5 21. Nxb5 Nd5 22. Bd2 e5 23. Rab1 e4 24. Nf4 Nf6 25. Bc3 Nd5 26. Bd2 h6 27. Nxd5 Rxd5 28. Be3 f5 29. Nd6 Bxd6 30. cxd6 Rxd6 31. Rxb7 Re8 32. Rb6 Rc8 33. h4 Kf7 34. Rc5 Rf6 35. Rb7+ Kg6 36. Rd5 Rcf8 37. Rdd7 R6f7 38. h5+ Kf6 39. Rd6+ 1-0

[Event "Capablanca Memorial op 52nd"]
[Site "Matanzas"]
[Date "2017.05.28"]
[Round "2"]
[White "Douriet Duany, Alexis"]
[Black "Soto Hernandez, Henry"]
[Result "0-1"]
[WhiteElo "2271"]
[BlackElo "2437"]
[PlyCount "46"]
[EventDate "2017.05.27"]
[EventType "swiss"]
[EventRounds "10"]
[EventCountry "CUB"]
[SourceTitle "EXT 2018"]
[Source "ChessBase"]
[SourceDate "2017.10.13"]
[SourceVersion "1"]
[SourceVersionDate "2017.10.13"]
[SourceQuality "1"]

1. d4 f5 2. Nf3 Nf6 3. g3 g6 4. b3 Bg7 5. Bb2 0-0 6. c4 d6 7. Bg2 c6 8. 0-0 Na6 9. Nbd2 e5 10. dxe5 Ng4 11. Qc2 Nxe5 12. Rad1 Qe7 13. Ba3 Nc5 14. b4 Ne6 15. Nb3 f4 16. b5 c5 17. Qe4 Rb8 18. Qd5 b6 19. Bc1 Kh8 20. Bh3 Nc7 21. Nxe5 Nxd5 22. Nc6 Bxh3 23. Nxe7 Nxe7 0-1

[Event "Barcelona Sants op 12th"]
[Site "Barcelona"]
[Date "2009.08.24"]
[Round "4"]
[White "Cuartas, Jaime Alexander"]
[Black "Douriet Duany, Alexis"]
[Result "1/2-1/2"]
[WhiteElo "2521"]
[BlackElo "2306"]
[PlyCount "208"]
[EventDate "2009.08.21"]
[EventType "swiss"]
[EventRounds "10"]
[EventCountry "ESP"]
[SourceTitle "CBM 131 Extra"]
[Source "ChessBase"]
[SourceDate "2009.09.03"]
[SourceVersion "2"]
[SourceVersionDate "2009.09.16"]
[SourceQuality "1"]

1. e4 g6 2. d4 Bg7 3. Nf3 c6 4. Nc3 d6 5. a4 Qa5 6. h3 Nf6 7. Bd3 Nbd7 8. Bd2 Qc7 9. 0-0 0-0 10. Re1 e5 11. Be3 exd4 12. Bxd4 Ne5 13. Bf1 Nfd7 14. Nd2 Bh6 15. Be3 Bxe3 16. Rxe3 Nf6 17. a5 Nh5 18. Nc4 Nxc4 19. Bxc4 Be6 20. Qd4 Rfe8 21. Be2 Nf4 22. Bf1 a6 23. e5 dxe5 24. Rxe5 Bf5 25. Rae1 Rxe5 26. Rxe5 Nd5 27. Nxd5 cxd5 28. Qxd5 Bxc2 29. Bc4 Rc8 30. b3 Bf5 31. Qd4 Rd8 32. Qc5 Rd1+ 33. Kh2 Qxc5 34. Rxc5 Rd7 35. b4 Be6 36. Be2 Bd5 37. g4 h6 38. h4 g5 39. Kg3 Kg7 40. hxg5 hxg5 41. Bf3 Bxf3 42. Rxg5+ Kf8 43. Kxf3 Rd3+ 44. Ke2 Rb3 45. b5 axb5 46. Rc5 Kg7 47. f3 Kg6 48. Kf2 b4 49. Rb5 Ra3 50. Kg3 b3 51. Rxb7 Rxa5 52. Rxb3 Ra1 53. Rb6+ Kg7 54. f4 Rh1 55. Ra6 Kg8 56. f5 Kg7 57. Kf4 f6 58. Ra7+ Kf8 59. Ke4 Re1+ 60. Kd5 Re5+ 61. Kd4 Re1 62. Rc7 Re2 63. Rc3 Kf7 64. Kd5 Re5+ 65. Kd6 Re4 66. Rc7+ Kf8 67. Rh7 Re1 68. Rb7 Re2 69. Kd5 Re5+ 70. Kd4 Re2 71. Kd3 Re1 72. Rb4 Kf7 73. Re4 Rg1 74. Ke3 Re1+ 75. Kf3 Rh1 76. Re2 Rb1 77. Rc2 Re1 78. Kf2 Rb1 79. Kg3 Rh1 80. Rh2 Rg1+ 81. Kh4 Kg7 82. Rb2 Rh1+ 83. Kg3 Rg1+ 84. Kf3 Kf7 85. Rb4 Rf1+ 86. Ke4 Re1+ 87. Kd5 Re5+ 88. Kd6 Re1 89. Rd4 Re2 90. Ra4 Re1 91. Ra7+ Kf8 92. Rd7 Re2 93. Rc7 Re1 94. Kd7 Re4 95. Kd6 Re1 96. Rc4 Kf7 97. Kd5 Re5+ 98. Kd4 Re1 99. Kd3 Rg1 100. Ke3 Re1+ 101. Kf3 Rg1 102. Kf2 Rb1 103. Rc7+ Kf8 104. Kg3 Rg1+ 1/2-1/2

[Event "Sitges op 35th"]
[Site "Sitges"]
[Date "2009.07.24"]
[Round "3"]
[White "Douriet Duany, Alexis"]
[Black "Oms Pallisse, Josep"]
[Result "0-1"]
[WhiteElo "2306"]
[BlackElo "2495"]
[PlyCount "74"]
[EventDate "2009.07.22"]
[EventType "swiss"]
[EventRounds "9"]
[EventCountry "ESP"]
[SourceTitle "CBM 131 Extra"]
[Source "ChessBase"]
[SourceDate "2009.09.03"]
[SourceVersion "2"]
[SourceVersionDate "2009.09.16"]
[SourceQuality "1"]

1. d4 Nf6 2. Nf3 e6 3. g3 b5 4. Bg2 d5 5. 0-0 Nbd7 6. Qd3 c6 7. Bg5 Be7 8. Nbd2 a5 9. Bxf6 Bxf6 10. e4 Ba6 11. Rfe1 0-0 12. Rad1 b4 13. Qe3 Qb6 14. h4 Rad8 15. Nf1 dxe4 16. Qxe4 c5 17. Ng5 g6 18. c3 cxd4 19. cxd4 Bg7 20. Ne3 h6 21. Nh3 Nf6 22. Qc6 Qxc6 23. Bxc6 Rd6 24. Rc1 Rxd4 25. Rc5 Rc8 26. Rec1 Bf8 27. R5c2 Bd3 28. Rd2 e5 29. Rdd1 Kg7 30. f3 Be2 31. Re1 Rd2 32. g4 Rxb2 33. g5 hxg5 34. hxg5 Nh5 35. Ng4 Rxc6 36. Rxc6 Bxf3 37. Nxe5 Rg2+ 0-1

[Event "Moncada op 6th"]
[Site "Santiago de Cuba"]
[Date "2009.05.19"]
[Round "4"]
[White "Llamos Lopez, Guillermo"]
[Black "Douriet Duany, Alexis"]
[Result "1-0"]
[WhiteElo "2245"]
[BlackElo "2302"]
[PlyCount "111"]
[EventDate "2009.05.16"]
[EventType "swiss"]
[EventRounds "9"]
[EventCountry "CUB"]
[SourceTitle "CBM 130 Extra"]
[Source "ChessBase"]
[SourceDate "2009.07.02"]
[SourceVersion "2"]
[SourceVersionDate "2009.07.15"]
[SourceQuality "1"]

1. e4 g6 2. d4 Bg7 3. Nc3 c6 4. Bc4 d6 5. f4 Nf6 6. e5 dxe5 7. fxe5 Nd5 8. Nf3 0-0 9. 0-0 a5 10. Kh1 Na6 11. Ne4 b5 12. Be2 Bf5 13. Ng3 Bg4 14. c3 Qb6 15. a4 Nac7 16. axb5 cxb5 17. Ne4 f6 18. exf6 exf6 19. h3 Bf5 20. Nc5 Rae8 21. Bd3 Bc8 22. Qc2 a4 23. b3 axb3 24. Qxb3 Kh8 25. c4 bxc4 26. Bxc4 Qd6 27. Ra7 f5 28. Nd3 Ne3 29. Nde5 Nxf1 30. Bxf1 Be6 31. Bc4 Rb8 32. Qd3 Qb6 33. Ra1 Rfd8 34. Be3 Nd5 35. Bg1 Qb2 36. Ra2 Qb7 37. Ng5 Bg8 38. Qg3 Bf6 39. Ra6 Ra8 40. Bxd5 Qxa6 41. Bxg8 Bxg5 42. Bc4 Qf6 43. Nf7+ Kg7 44. Nxg5 Rd6 45. Be3 Ra3 46. Qf4 Qe7 47. Bf2 Ra1+ 48. Kh2 Rf6 49. d5 Rd1 50. Ne6+ Kf7 51. Bc5 Qd7 52. Qh6 Kg8 53. Qf4 Kf7 54. Qb8 g5 55. Qf8+ Kg6 56. Qg8+ 1-0

[Event "Moncada op 6th"]
[Site "Santiago de Cuba"]
[Date "2009.05.16"]
[Round "1"]
[White "Douriet Duany, Alexis"]
[Black "Cabrera Ladron de Guevara, Mayra"]
[Result "1-0"]
[WhiteElo "2302"]
[BlackElo "1950"]
[PlyCount "43"]
[EventDate "2009.05.16"]
[EventType "swiss"]
[EventRounds "9"]
[EventCountry "CUB"]
[SourceTitle "CBM 130 Extra"]
[Source "ChessBase"]
[SourceDate "2009.07.02"]
[SourceVersion "2"]
[SourceVersionDate "2009.07.15"]
[SourceQuality "1"]

1. d4 Nf6 2. Nf3 g6 3. c4 Bg7 4. g3 0-0 5. Bg2 c6 6. 0-0 d5 7. Nc3 Bf5 8. Ne5 Nbd7 9. cxd5 Nxe5 10. dxe5 Nxd5 11. Nxd5 cxd5 12. Qd4 e6 13. Be3 g5 14. Rac1 h6 15. g4 Bg6 16. h4 b6 17. Rc6 Qb8 18. f4 gxf4 19. Bxf4 Qb7 20. Rc3 Rac8 21. Rg3 Rc4 22. Qxc4 1-0

[Event "Barbera del Valles op 31st"]
[Site "Barbera del Valles"]
[Date "2008.07.10"]
[Round "6"]
[White "Canal Oliveras, Joan"]
[Black "Douriet Duany, Alexis"]
[Result "1/2-1/2"]
[WhiteElo "2241"]
[BlackElo "2302"]
[PlyCount "128"]
[EventDate "2008.07.04"]
[EventType "swiss"]
[EventRounds "9"]
[EventCountry "ESP"]
[SourceTitle "CBM 125 Extra"]
[Source "ChessBase"]
[SourceDate "2008.09.01"]
[SourceVersion "1"]
[SourceVersionDate "2008.09.01"]
[SourceQuality "1"]

1. d4 g6 2. e4 Bg7 3. Nc3 d6 4. Be3 Nf6 5. Qd2 a6 6. Bh6 Bxh6 7. Qxh6 c5 8. dxc5 Be6 9. Nf3 Nbd7 10. cxd6 Qb6 11. 0-0-0 Ng4 12. Qg7 0-0-0 13. dxe7 Rdg8 14. e8Q+ Rxe8 15. Na4 Qxf2 16. Qd4 Qxd4 17. Rxd4 f6 18. Bc4 Ne3 19. Bxe6 Rxe6 20. Rxd7 Kxd7 21. Nc5+ Ke7 22. Nxe6 Kxe6 23. g3 Rc8 24. c3 Rc4 25. Nd4+ Ke5 26. Re1 Ng4 27. Re2 h5 28. Kd2 Rc8 29. h3 Nh6 30. Ke3 Nf7 31. Rc2 Nd6 32. Nf3+ Ke6 33. b3 b5 34. Nd2 f5 35. Rc1 g5 36. c4 bxc4 37. bxc4 Rc5 38. exf5+ Nxf5+ 39. Kf2 Ra5 40. Rc2 Ra3 41. Nb3 a5 42. c5 a4 43. Nd2 Rxg3 44. c6 Rxh3 45. c7 Ne7 46. c8Q+ Nxc8 47. Rxc8 Rh2+ 48. Ke3 Kf5 49. Rc5+ Kg6 50. Rc6+ Kf7 51. Rc4 Rh3+ 52. Ke4 Rh4+ 53. Kf5 Rxc4 54. Nxc4 g4 55. Kf4 Ke6 56. Nb6 a3 57. Nc4 Kd5 58. Nxa3 Kc5 59. Nc2 Kb5 60. Kg3 Ka4 61. Kh4 Ka5 62. Kxh5 g3 63. Ne3 Ka4 64. Kh4 Ka3 1/2-1/2

[Event "Barbera del Valles op 31st"]
[Site "Barbera del Valles"]
[Date "2008.07.07"]
[Round "3"]
[White "Danelia, Mariam"]
[Black "Douriet Duany, Alexis"]
[Result "0-1"]
[WhiteElo "2185"]
[BlackElo "2302"]
[PlyCount "78"]
[EventDate "2008.07.04"]
[EventType "swiss"]
[EventRounds "9"]
[EventCountry "ESP"]
[SourceTitle "CBM 125 Extra"]
[Source "ChessBase"]
[SourceDate "2008.09.01"]
[SourceVersion "1"]
[SourceVersionDate "2008.09.01"]
[SourceQuality "1"]

1. d4 Nf6 2. c4 g6 3. Nc3 Bg7 4. e4 d6 5. f3 0-0 6. Be3 c6 7. Bd3 a6 8. Qd2 b5 9. Nge2 Nbd7 10. 0-0 e5 11. Rac1 exd4 12. Nxd4 Bb7 13. cxb5 cxb5 14. b3 Re8 15. Bf2 Ne5 16. Be2 d5 17. exd5 Nxd5 18. Nxd5 Qxd5 19. Qf4 h5 20. Rcd1 Ng4 21. Nxb5 Be5 22. Qc1 Bxh2+ 23. Kh1 Nxf2+ 24. Rxf2 Qe5 25. Nd6 Bf4 26. Qc4 Qf6 27. Qxf7+ Qxf7 28. Nxf7 Kxf7 29. Rd7+ Re7 30. Bc4+ Kf6 31. Rxe7 Kxe7 32. Re2+ Kd7 33. Bf7 Rd8 34. Bxg6 Kc7 35. Re1 h4 36. Bf5 Rd2 37. a4 a5 38. Be6 Kd6 39. Kg1 Bg3 0-1

[Event "Berlin Lichtenberger Sommer 3th"]
[Site "Berlin"]
[Date "2004.08.22"]
[Round "8.10"]
[White "Douriet Duany, Alexis"]
[Black "Stabolewski, Andreas"]
[Result "0-1"]
[WhiteElo "2277"]
[BlackElo "2135"]
[PlyCount "118"]
[EventDate "2004.08.14"]
[EventType "swiss"]
[EventRounds "9"]
[EventCountry "GER"]
[SourceTitle "EXT 2022"]
[Source "ChessBase"]
[SourceDate "2021.10.06"]
[SourceVersion "1"]
[SourceVersionDate "2021.10.06"]
[SourceQuality "1"]

1. d4 f5 2. Nf3 Nf6 3. g3 g6 4. Bg2 Bg7 5. 0-0 0-0 6. Nbd2 Nc6 7. c4 e6 8. Qc2 d6 9. e4 e5 10. dxe5 dxe5 11. Rd1 Qe7 12. c5 Kh8 13. Re1 fxe4 14. Nxe4 Nxe4 15. Qxe4 Qxc5 16. Be3 Qb5 17. Qh4 Qb4 18. Qxb4 Nxb4 19. Bc5 Nc2 20. Bxf8 Bxf8 21. Nxe5 Nxa1 22. Rxa1 Be6 23. b3 c6 24. Rd1 Bc5 25. Nd3 Bb6 26. Bf3 Rd8 27. Nf4 Rxd1+ 28. Bxd1 Bf5 29. h4 h5 30. Kf1 Kg7 31. Ke2 Kf6 32. Ng2 Bb1 33. a4 Ke5 34. Ne3 Kd4 35. Nc4 Bd3+ 36. Ke1 Bc5 37. Kd2 Bb4+ 38. Kc1 Be1 39. g4 Kc3 40. Bf3 Bc2 41. gxh5 Bxf2 42. Bd1 Bxd1 43. Kxd1 gxh5 44. Na5 Bxh4 45. Nxb7 Be7 46. Na5 c5 47. Nc6 Kxb3 48. a5 Ka4 49. Nxa7 h4 50. Ke2 c4 51. Nc6 Bc5 52. Ne5 c3 53. Nd3 Ba7 54. a6 Kb5 55. Ne1 Kxa6 56. Kd3 h3 57. Nf3 Bd4 58. Nxd4 h2 59. Kxc3 h1Q 0-1

[Event "Berlin Lichtenberger Sommer 3th"]
[Site "Berlin"]
[Date "2004.08.21"]
[Round "7.14"]
[White "Shapiro, Yosip"]
[Black "Douriet Duany, Alexis"]
[Result "0-1"]
[WhiteElo "2037"]
[BlackElo "2277"]
[PlyCount "112"]
[EventDate "2004.08.14"]
[EventType "swiss"]
[EventRounds "9"]
[EventCountry "GER"]
[SourceTitle "EXT 2022"]
[Source "ChessBase"]
[SourceDate "2021.10.06"]
[SourceVersion "1"]
[SourceVersionDate "2021.10.06"]
[SourceQuality "1"]

1. e4 g6 2. d4 Bg7 3. c3 d6 4. Nf3 c6 5. h3 Nd7 6. Be3 Ngf6 7. Bd3 0-0 8. 0-0 e5 9. Nbd2 Re8 10. Re1 Qc7 11. Qc2 Nh5 12. g3 d5 13. dxe5 Nxe5 14. Nxe5 Bxe5 15. f4 Bg7 16. Kh2 Qd7 17. Bf1 dxe4 18. Nxe4 Qc7 19. Bd3 Bf5 20. Nf2 Bxd3 21. Nxd3 b6 22. Re2 c5 23. Rf1 Rad8 24. Bf2 c4 25. Rxe8+ Rxe8 26. Re1 Rxe1 27. Nxe1 Qc6 28. Qe2 Nf6 29. Bd4 Ne4 30. Nf3 Qd5 31. Bxg7 Kxg7 32. Nd4 h5 33. h4 a6 34. Qe3 b5 35. a3 Nf6 36. Kg1 Ng4 37. Qe2 Kf8 38. Qe1 a5 39. Qe2 b4 40. axb4 axb4 41. Qf3 Qa5 42. Nc2 Qf5 43. Nxb4 Qb1+ 44. Kg2 Qxb2+ 45. Kg1 Qc1+ 46. Kg2 Qd2+ 47. Kg1 Qe1+ 48. Kg2 Ne3+ 49. Kh3 Qxc3 50. Nc6 Qd3 51. Ne5 Qf5+ 52. Kh2 Qc2+ 53. Kh3 Ng4 54. Qa8+ Kg7 55. Nf3 Qd1 56. Nh2 c3 0-1

[Event "Paris-ch"]
[Site "Paris"]
[Date "2004.07.08"]
[Round "6"]
[White "Romanishin, Oleg M"]
[Black "Douriet Duany, Alexis"]
[Result "1-0"]
[WhiteElo "2541"]
[BlackElo "2277"]
[PlyCount "71"]
[EventDate "2004.07.03"]
[EventType "swiss"]
[EventRounds "9"]
[EventCountry "FRA"]
[SourceTitle "CBM 101 Extra"]
[Source "ChessBase"]
[SourceDate "2004.09.01"]
[SourceVersion "2"]
[SourceVersionDate "2004.09.01"]
[SourceQuality "1"]

1. d4 Nf6 2. Nf3 g6 3. g3 Bg7 4. Bg2 0-0 5. c4 d6 6. 0-0 c6 7. Nc3 Qa5 8. h3 Qa6 9. b3 b5 10. Nd2 bxc4 11. Nxc4 Be6 12. Ne3 Nbd7 13. Bb2 Rac8 14. Re1 Nb6 15. Nc2 c5 16. e4 Rfd8 17. d5 Bd7 18. Qd2 Rc7 19. Kh2 h5 20. Rab1 Kh7 21. Bf1 Qc8 22. Ne3 Bh6 23. Qe2 h4 24. g4 Bf4+ 25. Kh1 Be5 26. Ng2 c4 27. b4 e6 28. f4 Bd4 29. Nxh4 exd5 30. Qd2 Bxg4 31. Qxd4 Nh5 32. f5 Rh8 33. hxg4 Qd8 34. Nf3 Nf4 35. Nxd5 c3 36. Nf6+ 1-0

[Event "Paris-ch"]
[Site "Paris"]
[Date "2004.07.07"]
[Round "5"]
[White "Douriet Duany, Alexis"]
[Black "Borzakian, Manouk"]
[Result "1-0"]
[WhiteElo "2277"]
[BlackElo "2200"]
[PlyCount "123"]
[EventDate "2004.07.03"]
[EventType "swiss"]
[EventRounds "9"]
[EventCountry "FRA"]
[SourceTitle "CBM 101 Extra"]
[Source "ChessBase"]
[SourceDate "2004.09.01"]
[SourceVersion "2"]
[SourceVersionDate "2004.09.01"]
[SourceQuality "1"]

1. d4 g6 2. Nf3 Bg7 3. e4 d6 4. c4 Nf6 5. Nc3 0-0 6. Be2 e5 7. d5 a5 8. h3 Na6 9. Nh2 Nc5 10. Bf3 Nfd7 11. g4 f5 12. h4 fxe4 13. Nxe4 Nxe4 14. Bxe4 Qxh4 15. Be3 Nc5 16. Qc2 Nxe4 17. Qxe4 Bf5 18. Qg2 Bd7 19. 0-0-0 e4 20. g5 Qh3 21. Qg1 Rf7 22. Nf1 Qg4 23. Nd2 Be5 24. Qxg4 Bxg4 25. Rdg1 Bf3 26. Rh4 Raf8 27. Nxe4 Bxe4 28. Rxe4 Bf4 29. Kc2 Bxe3 30. fxe3 Rf2+ 31. Kc3 R8f7 32. Re8+ Kg7 33. Rg4 b6 34. a3 Rf1 35. b4 axb4+ 36. axb4 h6 37. gxh6+ Kxh6 38. Rh8+ Kg7 39. Re8 Rf8 40. Rxf8 Rxf8 41. c5 bxc5 42. bxc5 dxc5 43. Kc4 Re8 44. e4 Re7 45. Kxc5 Kh6 46. Kd4 Kh5 47. Rg1 g5 48. e5 g4 49. e6 c6 50. Ke5 cxd5 51. Kf5 Kh6 52. Kf6 Rxe6+ 53. Kxe6 Kg5 54. Ke5 d4 55. Kxd4 Kf4 56. Rf1+ Kg3 57. Ke3 Kg2 58. Rf2+ Kg1 59. Rf4 g3 60. Rg4 g2 61. Kf3 Kh1 62. Kf2 1-0